Эффект радиационной «памяти» в щелочно-галоидных кристаллах; Известия вузов. Физика; Т. 59, № 9

Podrobná bibliografie
Parent link:Известия вузов. Физика: научный журнал/ Национальный исследовательский Томский государственный университет (ТГУ).— , 1957-
Т. 59, № 9.— 2016.— [С. 100-104]
Hlavní autor: Коровкин М. В. Михаил Владимирович
Korporace: Национальный исследовательский Томский политехнический университет Институт природных ресурсов Кафедра геологии и разработки нефтяных месторождений, Национальный исследовательский Томский политехнический университет Институт природных ресурсов Кафедра геологии и разведки полезных ископаемых
Další autoři: Сальников В. Н. Владимир Николаевич
Shrnutí:Заглавие с экрана
Воздействие ионизирующей радиации на щелочно-галоидные кристаллы приводит к нарушению их структуры, появлению радиационных дефектов и образованию электронных и дырочных центров окраски. Разрушение центров окраски при нагревании сопровождается обесцвечиванием кристалла, люминесценцией, радиочастотной электромагнитной эмиссией (РЭМЭ). После полного термообесцвечивания кристалла радиационные дефекты отжигаются не полностью, так как освобождаемые нагреванием из центров окраски электроны и дырки оставляют заряженные локально нескомпенсированные дефекты. Скопления этих «предцентров» приводят к появлению электрической микрогетерогенности кристалла, образованию квазиэлектретного состояния и возникновению микроразрядов, сопровождающихся радиоизлучением. Генерирование РЭМЭ, связанное с остаточной дефектностью, является проявлением эффекта радиационной «памяти» в диэлектриках.
Режим доступа: по договору с организацией-держателем ресурса
Jazyk:ruština
Vydáno: 2016
Edice:Физика конденсированного состояния
Témata:
On-line přístup:http://elibrary.ru/item.asp?id=26691202
Médium: Elektronický zdroj Kapitola
KOHA link:https://koha.lib.tpu.ru/cgi-bin/koha/opac-detail.pl?biblionumber=652199

MARC

LEADER 00000naa0a2200000 4500
001 652199
005 20250327125654.0
035 |a (RuTPU)RU\TPU\network\17462 
090 |a 652199 
100 |a 20161206d2016 k||y0rusy50 ca 
101 0 |a rus 
102 |a RU 
135 |a arcn ---uucaa 
181 0 |a i  
182 0 |a b 
200 1 |a Эффект радиационной «памяти» в щелочно-галоидных кристаллах  |f М. В. Коровкин, В. Н. Сальников 
203 |a Текст  |c электронный 
225 1 |a Физика конденсированного состояния 
300 |a Заглавие с экрана 
320 |a [Библиогр.: 20 назв.] 
330 |a Воздействие ионизирующей радиации на щелочно-галоидные кристаллы приводит к нарушению их структуры, появлению радиационных дефектов и образованию электронных и дырочных центров окраски. Разрушение центров окраски при нагревании сопровождается обесцвечиванием кристалла, люминесценцией, радиочастотной электромагнитной эмиссией (РЭМЭ). После полного термообесцвечивания кристалла радиационные дефекты отжигаются не полностью, так как освобождаемые нагреванием из центров окраски электроны и дырки оставляют заряженные локально нескомпенсированные дефекты. Скопления этих «предцентров» приводят к появлению электрической микрогетерогенности кристалла, образованию квазиэлектретного состояния и возникновению микроразрядов, сопровождающихся радиоизлучением. Генерирование РЭМЭ, связанное с остаточной дефектностью, является проявлением эффекта радиационной «памяти» в диэлектриках. 
333 |a Режим доступа: по договору с организацией-держателем ресурса 
461 |t Известия вузов. Физика  |o научный журнал  |f Национальный исследовательский Томский государственный университет (ТГУ)  |d 1957- 
463 |t Т. 59, № 9  |v [С. 100-104]  |d 2016 
610 1 |a труды учёных ТПУ 
610 1 |a электронный ресурс 
610 1 |a щелочно-галоидные кристаллы 
610 1 |a радиационные дефекты 
610 1 |a радиочастотная электромагнитная эмиссия 
700 1 |a Коровкин  |b М. В.  |c геофизик  |c профессор Томского политехнического университета, доктор физико-математических наук  |c главный эксперт центра качества Томского технологического института  |f 1952-  |g Михаил Владимирович  |3 (RuTPU)RU\TPU\pers\26067  |9 11905 
701 1 |a Сальников  |b В. Н.  |c геолог  |c профессор Томского политехнического университета, доктор геолого-минералогических наук  |f 1940-  |g Владимир Николаевич  |3 (RuTPU)RU\TPU\pers\23466  |9 10224 
712 0 2 |a Национальный исследовательский Томский политехнический университет  |b Институт природных ресурсов  |b Кафедра геологии и разработки нефтяных месторождений  |3 (RuTPU)RU\TPU\col\18657  |9 27110 
712 0 2 |a Национальный исследовательский Томский политехнический университет  |b Институт природных ресурсов  |b Кафедра геологии и разведки полезных ископаемых  |3 (RuTPU)RU\TPU\col\18660  |9 27113 
801 2 |a RU  |b 63413507  |c 20180629  |g RCR 
856 4 0 |u http://elibrary.ru/item.asp?id=26691202 
942 |c CF